Geografia Francji od A do Z - Statystyki

Ogólne statystyki
  • Ten quiz został rozwiązany 39 razy
  • Średni wynik to 19 z 26
Statystyki odpowiedzi
Litera Pytanie Odpowiedź % Poprawnych
P Jaką nazwę nosi łańcuch górski na granicy francusko-hiszpańskiej? Pireneje
94%
L Jaką nazwę nosi najdłuższa rzeka Francji? Loara
91%
R Która rzeka stanowi naturalną granicę pomiędzy Francją a Niemcami? Ren
91%
S Jaką nazwę nosi rzeka przepływająca przez stolicę Francji? Sekwana
91%
Ś Jaką nazwę nosi morze z którym od południa graniczy Francja? Śródziemne
91%
U Jaką nazwę nosi gospodarczo-polityczny związek 27 europejskich państw, którego jednym z państw założycielskich była Francja? Unia Europejska
88%
N Jaką nazwę nosi kraina historyczna w północnej Francji na której doszło do lądowania sił alianckich w 1944 roku? Normandia
84%
Q Jak nazywa się francuskojęzyczny region Kanady? Quebec
84%
C Jaką nazwę nosi francuskie miasto nad Morzem Śródziemnym słynące z festiwalu filmowego? Cannes
81%
F Jaką nazwę nosił lud powstały w III wieku n.e. z wymieszania mniejszych plemion germańskich, który utworzy państwo na czele którego stanie Karol Wielki? Frankowie
81%
K Jaką nazwę nosi francuska wyspa z której wywodzi się Napoleon Bonaparte? Korsyka
81%
T Które miasto jest stolicą regionu Oksytania w południowo-wscodniej Francji? Tuluza
78%
W Jaką nazwę nosi miejscowość w której znajduje się okazały pałac Ludwika XIV? Wersal
78%
D Z jakiego francuskiego miasta w którym w 1940 roku doszło do ewakuacji sił brytyjskich w czasie drugiej wojny światowej? Dunkierka
75%
Ł Jakim terminem określa się pomnik stojący na placu Charles-de-Gaulle w Paryżu upamiętniający walczących i poległych za Francję w czasie rewolucji francuskiej i wojen napoleońskich? Łuk triumfalny
75%
O Które francuskie miasto należy kojarzyć z przydomkiem Joanny D'Arc? Orlean
72%
G Jaką nazwą Rzymianie określali zamieszkane przez plemiona celtyckie tereny między-innymi dzisiejszej Francji? Galia
69%
V Nazwę którego francuskiego miasta należy kojarzyć z państwem francuskim stworzonym przez nazistowskie Niemcy? Vichy
66%
A Jaką nazwę nosi kraina historyczna w północno-wschodniej Francji, nad Renem? Alzacja
63%
B Jaką nazwę nosi półwysep położony w północno-zachodniej części Francji, stanowiący najbardziej wysuniętą na zachód część tego kraju? Bretoński
56%
Z Jaką nazwę nosi akwen wodny, część Oceanu Atlantyckiego, położona pomiędzy północnym wybrzeżem Półwyspu Iberyjskiego a południowo-zachodnim wybrzeżem Francji? Zatoka biskajska
56%
I W którym regionie administracyjnym Francji znajduje się stolica Francji? Île-de-France
53%
J Jaką nazwę nosi wyspa, terytorium zależne Wielkiej Brytanii leżąca u wybrzeży północnej Francji? Jersey
50%
E Dokończ środkowy człon hasła rozpowszechnionego w czasie rewolucji francuskiej ​Liberté (...) Fraternité Égalité
47%
H Jaką nazwę nosi miasto portowe założone w 1517 roku przez Franciszka I u ujścia Sekwany? Hawr
47%
M W którym mieście znajduje się bazylika Saint-Pierre-aux-Nonnains, jeden z najstarszych kościołów w całej Europie? Metz
44%
Nie znaleziono quizów pasujących do podanych kryteriów
Rozkład punktacji
Procent ludzi z każdym wynikiem
Percentyl według liczby udzielonych odpowiedzi
Twoja historia wyników
Nie rozwiązałeś tego quizu